Statistics for World's Biggest Companies

Click here to take the quiz!

General Stats

  • This quiz has been taken 19,655 times
    (10,346 since last reset)
  • The average score is 12 of 62

Answer Stats

IndustryCountryCompany% Correct
ElectronicsUSAApple
78%
RetailUSAWalmart
76%
Oil and GasUKBP
73%
Oil and GasNetherlandsRoyal Dutch Shell
72%
AutomotiveJapanToyota
67%
ElectronicsSouth KoreaSamsung
65%
AutomotiveGermanyVolkswagen
62%
AutomotiveUSAFord
61%
Oil and GasUSAExxonMobil
55%
AutomotiveUSAGeneral Motors
49%
AutomotiveJapanHonda
47%
TelephonyUSAAT&T
39%
ConglomerateUSAGeneral Electric
36%
AutomotiveItalyFiat
34%
TelephonyUSAVerizon
29%
FoodSwitzerlandNestlé
27%
Oil and GasRussiaGazprom
23%
Oil and GasUSAChevron
23%
RetailUKTesco
19%
Oil and GasUSAPhillips 66
16%
Oil and GasBrazilPetrobras
15%
ITUSAHewlett-Packard
15%
Oil and GasFranceTotal
14%
AutomotiveGermanyDaimler
14%
Oil and GasSaudi ArabiaSaudi Aramco
13%
RetailFranceCarrefour
11%
ConglomerateIndiaTata Group
11%
ConglomerateGermanySiemens
10%
RetailUSACostco
10%
ConglomerateUSABerkshire Hathaway
10%
Oil and GasRussiaLUKoil
9%
Oil and GasChinaPetroChina
9%
FinancialGermanyAllianz
8%
ChemicalsGermanyBASF
8%
Oil and GasNorwayStatoil
8%
Oil and GasChinaSinopec
7%
ConglomerateSouth KoreaSK Group
6%
Health CareUSAUnited Health
6%
Oil and GasItalyEni
6%
Oil and gasUSAValero Energy
6%
ElectronicsTaiwanFoxconn
5%
InsuranceItalyAssicurazioni Generali
5%
RetailUSACVS Health
5%
Oil and GasMexicoPemex
5%
FinancialFranceAXA
5%
Oil and GasRussiaRosneft
5%
UtilityGermanyE.ON
5%
ChemicalsUSAKoch Industries
5%
Raw MaterialSwitzerlandGlencore
4%
Oil and GasVenezuelaPDVSA
4%
AgricultureUSACargill
4%
UtilityChinaState Grid Corporation
4%
Oil and GasIranNational Iranian
Oil Company
4%
RailroadChinaChina Railway
3%
TelephonyJapanNippon Telegraph
and Telephone
3%
Oil and GasKuwaitKuwait Petroleum
3%
UtilityFranceGDF Suez
3%
ConglomerateJapanJapan Post Holdings
2%
UtilityItalyEnel
2%
Raw MaterialSwitzerlandTrafigura
2%
Raw MaterialNetherlandsVitol
2%
EnergyJapanJX Holdings
1%

Score Distribution

Percentile by Number Answered

Percent of People with Each Score

Your Score History

You have not taken this quiz since the last reset